| 000 | 01043nam a22002177a 4500 | ||
|---|---|---|---|
| 999 |
_c62979 _d62979 |
||
| 003 | Ge_BSU | ||
| 005 | 20250422134642.0 | ||
| 008 | 250422s2009 ge ||||| |||| 00| 0 geo d | ||
| 020 | _a9789941017124 | ||
| 041 | _ageo | ||
| 080 | _a663.97.051.8(075.8) ფ-95 | ||
| 100 |
_aფრუიძე, მაყვალა _916762 |
||
| 245 |
_aთამბაქოს ქიმია : _bსახელმძღვ. უმაღლ. სკოლის სასურსათო ტექნოლ. სტუდ. / _cმაყვალა ფრუიძე; [რედ. ნ. ჩიქოვანი]. |
||
| 264 |
_aქუთაისი, _c2009. |
||
| 300 |
_a192 გვ. : _bცხრ., სურ. ; _c20 სმ. |
||
| 504 | _a ბიბლიოგრ.: გვ. 190. | ||
| 653 | _aთამბაქოს ქიმია | ||
| 700 |
_aჩიქოვანი, ნ. _eრედაქტორი _924882 |
||
| 856 |
_uhttps://dspace.nplg.gov.ge/bitstream/1234/6395/1/Tambaqos%20Qimia.pdf _yელ. ვერსია |
||
| 942 |
_2udc _cBK |
||